01874nam a22002897a 4500001000400000003000600004005001700010008004100027020001800068040002200086050000800108082001100116100002000127245004800147260002700195300002300222490003000245505000600275520082800281521001801109521001801127942001501145999001301160952014201173952012301315952014601438432FISKH20240312083957.0230420b cb ||||| |||| 00| 0 eng d a9781408329511 aFISKHbengcFISKH aPZ7 a823.92 aMeres, Jonathan aMust be washed separately /cJonathan Meres aSydneybOrchard c2014 a281 pages.c20 cm. aThe world of normvBook 7 aH aThe seventh hilarious title in the award-winning, laugh-out-loud series, The World of Norm. Perfect for fans of Tom Gates and Diary of a Wimpy Kid. Norm knew it was going to be one of those days when he was woken by the sound of an elephant breaking wind in the next room... Not the best start to a day, but it's about to get a whole lot worse. As if a trip to see his perfect cousins isn't bad enough, they've only gone and got the brand new Call Of Mortal Battle! Not that Norm could play anyway what with being banned off Xbox due to a curious incident of a stinky dog at bath time. Business as usual? ABSO-FLIPPING-LUTELY!!! With brilliantly funny illustrations throughout from Donough O'Malley. Praise for Jonathan Meres: 'Hilarious stuff from one of my comic heroes!' - Harry Hill 'Jonathan Meres is flipping funny!' 8 a490 bLexile8 aH bRaz-Plus 2lcccBKn0 c432d432 00102ddc40708JUVFa001b001cTK Yellowd2023-04-20l2oMER 823.92 PZ7pFISTK05300r2025-02-19 08:11:30s2025-02-13t1w2023-04-20yBK 00102ddc40708JUVFa001b001cTTPd2023-04-20l0oMER 823.92 PZ7p2024-0262r2024-03-06 14:58:43t2w2023-04-20yBK 00102ddc40708FICa001b002cTTPd2024-05-21l1oMER 823.92 PZ7p2024-0660q2026-03-25r2026-03-11 12:52:17s2026-03-11t3w2024-05-21yBK